00257 a2200073 4500020001800000100001900018245009600037260005000133 a9788194867425 aRawal-Sniha M. aमहिला क्रांतिकारकांच्या कथा भाग १ bBharatiya Vichar Sadhana Pune Prakashanc2023